Super Smash Bros Ultimate : Pokémons - Statistiques

Statistiques générales
  • Ce quiz a été pris 96 fois
  • Le résultat moyen est 28 sur 55
Statistiques - réponses
Génération Pokémon % Correct
1ère Génération Mew
85%
3e Génération Kyogre
77%
4e Génération Arceus
75%
3e Génération Latias & Latios
70%
2e Génération Lugia
70%
4e Génération Palkia
69%
1ère Génération Poissirène
69%
1ère Génération Sulfura
69%
2e Génération Entei
66%
1ère Génération Ronflex
66%
4e Génération Darkrai
65%
7e Génération Lunala
65%
7e Génération Solgaleo
65%
3e Génération Deoxys
63%
1ère Génération Goupix
63%
1ère Génération Goupix d'Alola
63%
1ère Génération Miaouss
63%
4e Génération Giratina
62%
5e Génération Victini
61%
1ère Génération Évoli
59%
5e Génération Genesect
59%
2e Génération Suicune
59%
6e Génération Xerneas
59%
1ère Génération Raichu d'Alola
56%
5e Génération Keldeo
55%
5e Génération Meloetta
55%
5e Génération Kyurem
54%
1ère Génération Stari
54%
6e Génération Marisson
52%
1ère Génération Noadkoko d'Alola
52%
6e Génération Feunnec
49%
3e Génération Gardevoir
49%
7e Génération Marshadow
49%
1ère Génération Métamorph
49%
5e Génération Moustillon
49%
3e Génération Métalosse
48%
7e Génération Mimiqui
46%
5e Génération Vipélierre
46%
6e Génération Passerouge
41%
7e Génération Togedemaru
38%
6e Génération Chevroum
37%
6e Génération Dedenne
37%
2e Génération Togepi
37%
1ère Génération Abra
35%
7e Génération Chelours
35%
7e Génération Tokorico
35%
5e Génération Zoroark
35%
4e Génération Blizzaroi
34%
2e Génération Cizayox
34%
7e Génération Concombaffe
32%
1ère Génération Électrode
30%
2e Génération Joliflor
28%
6e Génération Pérégrain
28%
6e Génération Sepiatop
21%
6e Génération Sucroquin
21%
Aucun quiz correspondant
Distribution des résultats
% des personnes avec chaque résultat
Percentile par nombre de réponses
Votre historique - résultats
Vous n’avez pas pris ce quiz